Estudio de impacto ambiental del proyecto Urbanización Brisas de Palermo en Granada

Presenta la elaboración de estudio de evaluación impacto ambiental del proyecto Brisas de Palermo dando a conocer los posibles impactos y repercusiones que pueda generar al implantar este proyecto en dicho lugar; se debe conocer el impacto que pueda generar la construcción de las viviendas con la...

Full description

Bibliographic Details
Main Authors: López Romano, Marjori, Gutiérrez González, Yani, Gaitán Rodríguez, Aldrin
Other Authors: Tutor: Milán Pérez, José Antonio
Format: Tesis Section = Libro
Language:Undetermined
Spanish
Published: Managua UNI 2007
Subjects:
LEADER 01214nam a2200277Ia 4500
008 240830s9999 xx 000 0 und d
040 |a BIBLIOTECA-RUSB/ T.Mon 728 L864 
041 |a spa 
082 |a T.Mon 728 L864 
100 1 |a López Romano, Marjori 
100 1 |b Gutiérrez González, Yani 
100 1 |c Gaitán Rodríguez, Aldrin 
245 1 0 |a Estudio de impacto ambiental del proyecto Urbanización Brisas de Palermo en Granada 
260 |a Managua  |b UNI  |c 2007 
300 |a 64 p. :il. 
500 |a Contiene: anexos. 
502 |a Tesis (Arquitecto) - UNI, 2007. 
520 3 |a Presenta la elaboración de estudio de evaluación impacto ambiental del proyecto Brisas de Palermo dando a conocer los posibles impactos y repercusiones que pueda generar al implantar este proyecto en dicho lugar; se debe conocer el impacto que pueda generar la construcción de las viviendas con las obras de urbanización. 
650 7 |a construcción DE VIVIENDAS-ASPECTOS AMBIENTALES 
650 7 |b  ESTUDIO DE IMPACTOS AMBIENTALES 
650 7 |c  MEDIDAS DE MITIGACION AMBIENTAL 
650 7 |d  URBANISMO 
700 1 |a Tutor:  |b Milán Pérez, José Antonio 
942 |c BK  |2 ddc 
991 |a TESIS 
999 |c 22092